00318nam a2200109Ia 4500008004100000100003700041245006700078250001200145260002900157300000800186650001400194190216s9999||||xx |||||||||||||| ||und|| aAhluwalia. Vk And Sunita Shingra 0aComprehensive Practical Organic Chemistry Qualitative Analysis a1st Ed. bUniversities Pressc2000 a294 aChemistry